000
00334nam a2200133Ia 4500
008
230411s9999 xx 000 0 und d
041
_a
eng
082
_a
PY/150/SRE/B06953
100
_a
Basavanna M
245
_a
Psychology for Nurses
260
_b
Jaypee Brothers
_a
New Delhi
_c
2015
300
_a
614p
999
_c
157184
_d
157184